Sining ng Komunikasyon I : (Record no. 22594)
[ view plain ]
| 000 -LEADER | |
|---|---|
| fixed length control field | 00623nam a2200229 a 4500 |
| 003 - CONTROL NUMBER IDENTIFIER | |
| control field | SISC |
| 005 - DATE AND TIME OF LATEST TRANSACTION | |
| control field | 20160624104925.0 |
| 008 - FIXED-LENGTH DATA ELEMENTS--GENERAL INFORMATION | |
| fixed length control field | 050606s19uu xx 00 eng d |
| 050 ## - LIBRARY OF CONGRESS CALL NUMBER | |
| Classification number | P 95 |
| Item number | .B454 2006 |
| 100 ## - MAIN ENTRY--PERSONAL NAME | |
| Personal name | Belvez, Paz |
| 245 ## - TITLE STATEMENT | |
| Title | Sining ng Komunikasyon I : |
| Remainder of title | para sa mag-aaral ng caregiver, nursing at medisina / |
| Statement of responsibility, etc | Paz M. Belvez. |
| 260 ## - PUBLICATION, DISTRIBUTION, ETC. (IMPRINT) | |
| Place of publication, distribution, etc | Manila : |
| Name of publisher, distributor, etc | Rex Bookstore, |
| Date of publication, distribution, etc | 2006. |
| 300 ## - PHYSICAL DESCRIPTION | |
| Extent | 191 p. : |
| Dimensions | 22 cm. |
| 650 ## - SUBJECT ADDED ENTRY--TOPICAL TERM | |
| Topical term or geographic name as entry element | Pagbasa at pagsulat. |
| 700 ## - ADDED ENTRY--PERSONAL NAME | |
| Personal name | Pedro, Ma. Antoniette |
| 942 ## - ADDED ENTRY ELEMENTS (KOHA) | |
| Item type | Books |
| Source of classification or shelving scheme | Library of Congress Classification |
| Withdrawn status | Lost status | Source of classification or shelving scheme | Damaged status | Home library | Current library | Shelving location | Date acquired | Source of acquisition | Total Checkouts | Full call number | Barcode | Date last seen | Copy number | Price effective from | Koha item type |
|---|---|---|---|---|---|---|---|---|---|---|---|---|---|---|---|
| Library of Congress Classification | Archives | Archives | 09/26/2007 | RBS | P 95 .B454 2006 | C8705 | 05/15/2018 | 1 | 10/18/2013 | Books | |||||
| Library of Congress Classification | Archives | Archives | 12/14/2013 | P 95 .B454 2006 | C9886 | 05/15/2018 | 3 | 12/14/2013 | Books | ||||||
| Library of Congress Classification | Archives | Archives | 12/14/2013 | P 95 .B454 2006 | C8706 | 05/15/2018 | 4 | 12/14/2013 | Books | ||||||
| Library of Congress Classification | College Library | College Library | General Circulation Section | 12/14/2013 | P 95 .B454 2006 | C16622 | 05/15/2018 | 2 | 12/14/2013 | Books | |||||
| Library of Congress Classification | College Library | College Library | General Circulation Section | 12/14/2013 | P 95 .B454 2006 | C9885 | 05/15/2018 | 5 | 12/14/2013 | Books |